Statistiques concernant vainqueur de la coupe du monde

Cliquez ici pour prendre le quiz!

Statistiques générales

  • Ce quiz a été pris 274 fois
  • Le résultat moyen est 18 sur 20

Statistiques - réponses

HintRéponse% Correct
1962bresil
96%
1958bresil
96%
1970bresil
96%
2002bresil
96%
1994bresil
96%
1998france
94%
2014allemagne
93%
1954allemagne
93%
1974allemagne
93%
1990allemagne
93%
1938italie
89%
2006italie
89%
1934italie
89%
1982italie
89%
2010espagne
81%
1930uruguay
80%
1950uruguay
80%
1966angleterre
75%
1986argentine
75%
1978argentine
75%

Distribution des résultats

Percentile par nombre de réponses

% des personnes avec chaque résultat

Votre développement - résultats

Vous n’avez pas pris ce quiz